000 00435nam a2200181Ia 4500
001 10720
005 20260306161853.0
008 260306t2011||||xx |||||||||||||| ||spa||
041 _aESP
082 _a946.098
_bP41
100 _aPena González, Miguel Anxo
_eAUT
245 0 _aLa ideologĂ­a de las independencias
260 _c2011
300 _a369-394
_c23 cm.
650 _aGEN
654 _aCHU
942 _cLIB
_dJUS
_fJUS
_2ddc
_n
999 _c10720
_d10720